000 00613pam a2200193 4500
001 2658
005 20181127165438.0
008 751113s1976 nyua b 001 0 eng
010 _a 75038733
020 _a0060473290
100 1 _aYotopoulos, Pan A.
245 1 0 _aEconomics of development :
_bempirical investigations /
_cPan A. Yotopoulos, Jeffrey B. Nugent.
260 _aNew York :
_bHarper & Row,
_cc1976.
300 _axxiii, 478 p. :
_bill. ;
_c27 cm.
500 _aIncludes indexes.
504 _aBibliography: p. 431-457.
650 0 _aEconomic development.
700 1 _aNugent, Jeffrey B.,
_ejoint author.
999 _c2121
_d2121